| 000 | 00707nam a22002177a 4500 | ||
|---|---|---|---|
| 003 | 0 | ||
| 005 | 20250826100335.0 | ||
| 008 | 250826b xxu||||| |||| 00| 0 eng d | ||
| 020 | _a978-1-64726-930-2 | ||
| 050 |
_aHM 851 _b.S85 2025 |
||
| 100 |
_aSullivan, Loren, _eauthor. |
||
| 245 |
_aCross-media communications : _ban introduction / _cLoren Sullivan. |
||
| 260 |
_aNew York, NY : _bClanrye International, _c2025. |
||
| 300 |
_avi, 423 pages : _bcolored illustrations ; _c26 cm. |
||
| 504 | _aIncludes bibliographical references and index. | ||
| 650 | _aDigital media. | ||
| 650 |
_aDigital media _xSocial aspects. |
||
| 650 | _aDigital communications. | ||
| 650 | _aCommunication. | ||
| 942 |
_2lcc _cBK |
||
| 999 |
_c367605 _d367605 |
||